| 000 | 00000nam 2200000za 4500 |
| 001 | 9.837711 |
| 003 | CaOODSP |
| 005 | 20221107151214 |
| 007 | cr ||||||||||| |
| 008 | 170605s1984 onc o f000 0 eng d |
| 020 | |z0-662-14036-2 |
| 040 | |aCaOODSP|beng |
| 043 | |an-cn--- |
| 086 | 1 |aJ22-1/1984E-PDF |
| 245 | 10|aSome statistics on the preliminary inquiry in Canada |h[electronic resource] / |cDavid G. Alford ... [et al.]. |
| 260 | |aOttawa : |bDepartment of Justice, |c1984. |
| 300 | |aix, 85, [3] p. |
| 504 | |aIncludes bibliographic references. |
| 504 | |aDigitized edition from print. |
| 692 | 07|2gccst|aCriminal justice |
| 700 | 1 |aAlford, David G. |
| 710 | 1 |aCanada.|bDepartment of Justice.|bPolicy, Programs and Research Branch. |
| 775 | 08|tQuelques statistiques sur l'enquête préliminaire au Canada / |w(CaOODSP)9.915787 |
| 856 | 40|qPDF|s3.88 MB|uhttps://publications.gc.ca/collections/collection_2017/jus/J22-1-1984-eng.pdf |